Matematik Permulaan Siri 2

Bibliographic Details
Main Author: Marzita Puteh
Format: Book
Language:Malay
Published: Selangor : Pearson Malaysia , 2002
Subjects:

MARC

LEADER 00000cam a2200000 7i4500
001 0000011473
005 20230523.0
008 030820 my may
020 |a 9832473942 (pbk) 
040 |a INS 
090 0 0 |a QA39.2   |b .M3699 2002 
100 0 |a Marzita Puteh 
245 1 0 |a Matematik Permulaan Siri 2   |c Marzita Puteh 
260 |a Selangor :   |b Pearson Malaysia ,   |c 2002 
300 |a vi, 129 p. :   |b ill. ;   |c 24 cm. 
650 0 |a Mathematics 
999 |a 0000010486   |b BOOK   |c Open Shelf   |e Default branch